Практикум по холтеровскому мониторированию

Bibliografiska uppgifter
Huvudupphovsman: Тихоненко В. М. Виктор Михайлович
Sammanfattning:Оригинальное учебное издание сочетает в себе книгу с вопросами по холтеровскому мониторированию, ответами и комментариями к ним и DVD с холтеровскими обследованиями и программой для их просмотра. Книга адресована кардиологам, врачам функциональной диагностики, студентам и преподавателям медицинских вузов.
Språk:ryska
Publicerad: Санкт-Петербург, БХВ-Петербург, 2013
Ämnen:
Materialtyp: Okänd
KOHA link:https://koha.lib.tpu.ru/cgi-bin/koha/opac-detail.pl?biblionumber=245579

MARC

LEADER 00000nmm0a2200000 4500
001 245579
005 20231101232133.0
010 |a 9785977508094 
035 |a (RuTPU)RU\TPU\book\266991 
090 |a 245579 
100 |a 20131113d2013 m y0rusy50 ca 
101 0 |a rus 
102 |a RU 
105 |a a j 000zy 
200 1 |a Практикум по холтеровскому мониторированию  |f В. М. Тихоненко 
210 |a Санкт-Петербург  |c БХВ-Петербург  |d 2013 
215 |a 111 с.  |c ил.  |e CD-ROM 
330 |a Оригинальное учебное издание сочетает в себе книгу с вопросами по холтеровскому мониторированию, ответами и комментариями к ним и DVD с холтеровскими обследованиями и программой для их просмотра. Книга адресована кардиологам, врачам функциональной диагностики, студентам и преподавателям медицинских вузов. 
606 1 |a Электрокардиография  |2 stltpush  |3 (RuTPU)RU\TPU\subj\20103  |9 45242 
610 1 |a холтеровское мониторирование 
610 1 |a вопросы 
610 1 |a ответы 
610 1 |a комментарии 
610 1 |a аритмия 
610 1 |a обследование 
610 1 |a случаи из практики 
610 1 |a учебные пособия 
610 1 |a CD-ROM 
675 |a 615.84(075.8)  |v 3 
700 1 |a Тихоненко  |b В. М.  |g Виктор Михайлович 
801 1 |a RU  |b 63413507  |c 20131113 
801 2 |a RU  |b 63413507  |c 20140207  |g RCR 
942 |c MX 
959 |a 144/20131113  |d 1  |e 200,00  |f ЧЗТЛ:1